Математическая логика, математическая лингвистика и теория алгоритмов: сборник научных трудов

Бібліографічні деталі
Співавтор: Калининский государственный университет
Інші автори: Гладкий А. В. (редактор)
Мова:Російська
Опубліковано: Калинин, Изд-во Калининского гос. ун-та, 1983
Предмети:
Формат: MixedMaterials Книга
KOHA link:https://koha.lib.tpu.ru/cgi-bin/koha/opac-detail.pl?biblionumber=305479

MARC

LEADER 00000nam0a2200000 4500
001 305479
005 20251220071623.0
035 |a (RuTPU)RU\TPU\book\330750 
090 |a 305479 
100 |a 20150928d1983 k y0rusy50 ca 
101 0 |a rus 
102 |a RU 
105 |a a z 001zy 
200 1 |a Математическая логика, математическая лингвистика и теория алгоритмов  |e сборник научных трудов  |f Калининский государственный университет ; под ред. А. В. Гладкого 
210 |a Калинин  |c Изд-во Калининского гос. ун-та  |d 1983 
215 |a 116 с.  |c ил. 
320 |a Библиогр. в конце ст. 
606 1 |a Математическая логика  |2 stltpush  |3 (RuTPU)RU\TPU\subj\41205  |9 61013 
606 1 |a Алгоритмы, теория  |2 stltpush  |3 (RuTPU)RU\TPU\subj\58912  |9 76596 
606 1 |a Математическая кибернетика  |2 stltpush  |3 (RuTPU)RU\TPU\subj\41203  |9 61011 
610 1 |a математическая лингвистика 
610 1 |a сложность 
610 1 |a оценка 
610 1 |a формальные грамматики 
610 1 |a неклассическая логика 
610 1 |a рекурсивные функции 
610 1 |a автоматы 
610 1 |a сортировка 
675 |a 510.6  |v 4 
675 |a 510.5  |v 4 
675 |a 519.7  |v 4 
702 1 |a Гладкий  |b А. В.  |4 340 
712 0 2 |7 ca  |8 rus  |a Калининский государственный университет  |c 1971-1990  |2 stltpush  |3 (RuTPU)RU\TPU\col\6821  |9 24273 
801 1 |a RU  |b 63413507  |c 20150928 
801 2 |a RU  |b 63413507  |c 20190429  |g RCR 
942 |c BK